[Event "DEM U12 2025"]
[Site "Willingen GER"]
[Date "2025.06.09"]
[Round "3"]
[White "Zielke, Mika"]
[Black "Classen, Marnin"]
[Result "1/2-1/2"]
[Termination "normal"]
[Board "19"]
[WhiteElo "1733"]
[BlackElo "1663"]
[WhiteClock "00:23:54"]
[BlackClock "01:13:09"]
[PlyCount "101"]
[WhiteFideId "34661816"]
[BlackFideId "34623833"]
[EventCountry "GER"]
[EventRounds "9"]
[EventType "swiss"]
[EventDate "2025.06.07"]

1. e4 {[%clk 01:30:55]} {[%emt 00:00:05]} e6 {[%clk 01:30:49]} {[%emt
00:00:12]} 2. d4 {[%clk 01:30:59]} {[%emt 00:00:26]} d5 {[%clk 01:31:12]}
{[%emt 00:00:07]} 3. e5 {[%clk 01:31:15]} {[%emt 00:00:13]} c5 {[%clk
01:31:36]} {[%emt 00:00:06]} 4. c3 {[%clk 01:31:31]} {[%emt 00:00:13]} Nc6
{[%clk 01:31:57]} {[%emt 00:00:10]} 5. Nf3 {[%clk 01:31:42]} {[%emt 00:00:19]}
Qb6 {[%emt 00:00:10]} 6. Be2 {[%clk 01:31:48]} {[%emt 00:00:22]} cxd4 {[%clk
01:32:37]} {[%emt 00:00:13]} 7. cxd4 {[%clk 01:32:09]} {[%emt 00:00:08]} Nge7
{[%clk 01:32:50]} {[%emt 00:00:18]} 8. Nc3 {[%clk 01:32:27]} {[%emt 00:00:11]}
Nf5 {[%clk 01:33:07]} {[%emt 00:00:13]} 9. Kf1 {[%clk 01:32:10]} {[%emt
00:00:48]} Bd7 {[%clk 01:32:49]} {[%emt 00:00:47]} 10. Na4 {[%clk 01:30:57]}
{[%emt 00:01:44]} Qc7 {[%clk 01:32:15]} {[%emt 00:01:03]} 11. h4 {[%clk
01:30:44]} {[%emt 00:00:43]} h6 {[%clk 01:30:55]} {[%emt 00:01:50]} 12. a3
{[%clk 01:28:04]} {[%emt 00:03:10]} a6 {[%clk 01:29:48]} {[%emt 00:01:38]} 13.
b4 {[%clk 01:26:36]} {[%emt 00:01:57]} Nfxd4 {[%clk 01:29:13]} {[%emt
00:01:06]} 14. Nxd4 {[%clk 01:21:48]} {[%emt 00:05:18]} Nxd4 {[%clk 01:29:25]}
{[%emt 00:00:17]} 15. Qxd4 {[%clk 01:21:16]} {[%emt 00:01:02]} Bxa4 {[%clk
01:29:46]} {[%emt 00:00:09]} 16. Be3 {[%clk 01:20:37]} {[%emt 00:01:09]} Rc8
{[%clk 01:29:41]} {[%emt 00:00:35]} 17. Rh3 {[%clk 01:09:25]} {[%emt 00:11:42]}
Qc3 {[%clk 01:24:14]} {[%emt 00:05:57]} 18. Rg3 {[%clk 00:49:54]} {[%emt
00:20:01]} g6 {[%clk 01:20:56]} {[%emt 00:03:48]} 19. Bd1 {[%clk 00:44:54]}
{[%emt 00:05:29]} Bb5+ {[%clk 01:19:03]} {[%emt 00:02:24]} 20. Kg1 {[%clk
00:43:04]} {[%emt 00:02:20]} Qe1+ {[%clk 01:18:53]} {[%emt 00:00:40]} 21. Kh2
{[%clk 00:43:26]} {[%emt 00:00:08]} Rc4 {[%clk 01:18:09]} {[%emt 00:01:15]} 22.
Qa7 {[%clk 00:37:37]} {[%emt 00:06:18]} Rxh4+ {[%clk 01:14:55]} {[%emt
00:03:43]} 23. Rh3 {[%clk 00:37:22]} {[%emt 00:00:46]} Rxh3+ {[%clk 01:15:18]}
{[%emt 00:00:08]} 24. gxh3 {[%clk 00:37:39]} {[%emt 00:00:13]} Bd6 {[%clk
01:01:54]} {[%emt 00:13:54]} 25. exd6 {[%clk 00:29:15]} {[%emt 00:08:53]} O-O
{[%clk 01:00:40]} {[%emt 00:01:44]} 26. Qd4 {[%clk 00:27:42]} {[%emt 00:02:02]}
Kh7 {[%clk 00:59:58]} {[%emt 00:01:13]} 27. Qh4 {[%clk 00:24:00]} {[%emt
00:04:12]} g5 {[%clk 00:57:06]} {[%emt 00:03:22]} 28. Bc2+ {[%clk 00:23:29]}
{[%emt 00:01:01]} f5 {[%clk 00:56:42]} {[%emt 00:00:54]} 29. Qxh6+ {[%clk
00:22:39]} {[%emt 00:01:20]} Kxh6 {[%clk 00:56:57]} {[%emt 00:00:15]} 30. Rxe1
{[%clk 00:23:04]} {[%emt 00:00:05]} Rd8 {[%clk 00:57:05]} {[%emt 00:00:21]} 31.
Bc5 {[%clk 00:23:18]} {[%emt 00:00:17]} Bd7 {[%clk 00:57:12]} {[%emt 00:00:23]}
32. Bb3 {[%clk 00:20:53]} {[%emt 00:02:55]} Kg6 {[%clk 00:57:17]} {[%emt
00:00:24]} 33. Rc1 {[%clk 00:20:37]} {[%emt 00:00:46]} Bc6 {[%clk 00:55:38]}
{[%emt 00:02:10]} 34. Rc3 {[%clk 00:18:58]} {[%emt 00:02:10]} Rh8 {[%clk
00:53:14]} {[%emt 00:02:53]} 35. Bc2 {[%clk 00:16:12]} {[%emt 00:03:16]} Kf6
{[%clk 00:52:18]} {[%emt 00:01:26]} 36. Re3 {[%clk 00:13:54]} {[%emt 00:02:47]}
e5 {[%clk 00:51:31]} {[%emt 00:01:17]} 37. Rf3 {[%clk 00:12:18]} {[%emt
00:02:07]} f4 {[%clk 00:51:43]} {[%emt 00:00:18]} 38. Rd3 {[%clk 00:11:28]}
{[%emt 00:01:19]} g4 {[%clk 00:50:42]} {[%emt 00:01:31]} 39. Bb3 {[%clk
00:08:51]} {[%emt 00:03:08]} d4 {[%clk 00:50:55]} {[%emt 00:00:17]} 40. a4
{[%clk 00:04:22]} {[%emt 00:04:59]} Be4 {[%clk 00:49:53]} {[%emt 00:01:32]} 41.
Bc4 {[%clk 00:26:36]} {[%emt 00:08:16]} Bxd3 {[%clk 01:18:33]} {[%emt
00:01:50]} 42. Bxd3 {[%clk 00:26:46]} {[%emt 00:00:21]} Rxh3+ {[%clk 01:17:45]}
{[%emt 00:01:16]} 43. Kg1 {[%clk 00:26:28]} {[%emt 00:00:49]} Ke6 {[%clk
01:14:52]} {[%emt 00:03:22]} 44. Bf5+ {[%clk 00:22:25]} {[%emt 00:04:34]} Kxf5
{[%clk 01:12:03]} {[%emt 00:03:18]} 45. d7 {[%clk 00:22:36]} {[%emt 00:00:21]}
Rh8 {[%clk 01:12:23]} {[%emt 00:00:08]} 46. Be7 {[%clk 00:22:34]} {[%emt
00:00:33]} d3 {[%clk 01:12:39]} {[%emt 00:00:14]} 47. Kf1 {[%clk 00:22:54]}
{[%emt 00:00:10]} Rh1+ {[%clk 01:13:02]} {[%emt 00:00:06]} 48. Kg2 {[%emt
00:00:20]} Rh8 {[%clk 01:13:17]} {[%emt 00:00:01]} 49. Kf1 {[%clk 00:23:45]}
{[%emt 00:00:04]} Rh1+ {[%clk 01:13:09]} {[%emt 00:00:38]} 50. Kg2 {[%clk
00:24:11]} {[%emt 00:00:05]} Rh8 {[%clk 01:13:09]} {[%emt 00:00:29]} 51. Kf1
{[%clk 00:23:54]} {[%emt 00:00:08]} 1/2-1/2

[Event "DEM U12 2025"]
[Site "Willingen GER"]
[Date "2025.06.09"]
[Round "3"]
[White "Döscher, Rasmus"]
[Black "Gao, Chenzhuo"]
[Result "0-1"]
[Termination "normal"]
[Board "20"]
[WhiteElo "1569"]
[BlackElo "1707"]
[WhiteClock "00:10:06"]
[BlackClock "00:14:07"]
[PlyCount "74"]
[WhiteFideId "34625038"]
[BlackFideId "34668608"]
[EventCountry "GER"]
[EventRounds "9"]
[EventType "swiss"]
[EventDate "2025.06.07"]

1. d4 {[%clk 01:30:59]} {[%emt 00:00:02]} Nf6 {[%clk 01:30:42]} {[%emt
00:00:18]} 2. c4 {[%clk 01:31:13]} {[%emt 00:00:16]} g6 {[%clk 01:30:41]}
{[%emt 00:00:32]} 3. Nc3 {[%clk 01:31:24]} {[%emt 00:00:18]} d5 {[%clk
01:30:34]} {[%emt 00:00:37]} 4. cxd5 {[%clk 01:31:43]} {[%emt 00:00:12]} Nxd5
{[%clk 01:30:46]} {[%emt 00:00:17]} 5. Bd2 {[%clk 01:31:25]} {[%emt 00:00:47]}
Bg7 {[%clk 01:30:34]} {[%emt 00:00:43]} 6. e4 {[%clk 01:31:10]} {[%emt
00:00:44]} Nxc3 {[%clk 01:29:59]} {[%emt 00:01:06]} 7. Bxc3 {[%clk 01:31:31]}
{[%emt 00:00:08]} O-O {[%clk 01:29:24]} {[%emt 00:01:06]} 8. Nf3 {[%clk
01:28:13]} {[%emt 00:03:48]} Bg4 {[%clk 01:25:32]} {[%emt 00:04:22]} 9. Be2
{[%clk 01:25:34]} {[%emt 00:03:09]} c5 {[%clk 01:24:05]} {[%emt 00:01:57]} 10.
d5 {[%clk 01:25:21]} {[%emt 00:00:43]} Qc7 {[%clk 01:22:08]} {[%emt 00:02:27]}
11. O-O {[%clk 01:17:29]} {[%emt 00:08:22]} Nd7 {[%clk 01:20:28]} {[%emt
00:02:09]} 12. Bxg7 {[%clk 01:15:04]} {[%emt 00:02:56]} Kxg7 {[%clk 01:20:45]}
{[%emt 00:00:13]} 13. h3 {[%clk 01:15:13]} {[%emt 00:00:21]} Bxf3 {[%clk
01:20:48]} {[%emt 00:00:27]} 14. Bxf3 {[%clk 01:15:38]} {[%emt 00:00:05]} Rad8
{[%clk 01:18:59]} {[%emt 00:02:19]} 15. Qb3 {[%clk 01:05:34]} {[%emt 00:10:33]}
b6 {[%clk 01:16:45]} {[%emt 00:02:46]} 16. Rac1 {[%clk 01:03:19]} {[%emt
00:02:44]} Qe5 {[%clk 01:07:35]} {[%emt 00:09:40]} 17. Qc3 {[%clk 01:02:36]}
{[%emt 00:01:13]} f5 {[%clk 01:02:51]} {[%emt 00:05:14]} 18. Rfe1 {[%clk
00:56:45]} {[%emt 00:06:21]} f4 {[%clk 00:46:48]} {[%emt 00:16:33]} 19. Be2
{[%clk 00:47:30]} {[%emt 00:09:45]} h5 {[%clk 00:44:46]} {[%emt 00:02:32]} 20.
Rcd1 {[%clk 00:33:19]} {[%emt 00:14:42]} Rf6 {[%clk 00:42:37]} {[%emt
00:02:38]} 21. Qxe5 {[%clk 00:32:50]} {[%emt 00:00:58]} Nxe5 {[%clk 00:42:59]}
{[%emt 00:00:09]} 22. f3 {[%clk 00:32:38]} {[%emt 00:00:42]} g5 {[%clk
00:39:34]} {[%emt 00:03:55]} 23. a3 {[%clk 00:28:11]} {[%emt 00:04:56]} b5
{[%clk 00:27:31]} {[%emt 00:12:34]} 24. Bxb5 {[%clk 00:25:57]} {[%emt
00:02:44]} Rb8 {[%clk 00:27:05]} {[%emt 00:00:55]} 25. a4 {[%clk 00:26:03]}
{[%emt 00:00:25]} a6 {[%clk 00:26:36]} {[%emt 00:00:59]} 26. Be2 {[%clk
00:22:36]} {[%emt 00:03:57]} c4 {[%clk 00:20:26]} {[%emt 00:06:40]} 27. Rc1
{[%clk 00:21:11]} {[%emt 00:01:54]} Rxb2 {[%clk 00:18:46]} {[%emt 00:02:11]}
28. Bxc4 {[%clk 00:21:08]} {[%emt 00:00:33]} g4 {[%clk 00:19:00]} {[%emt
00:00:16]} 29. hxg4 {[%clk 00:20:17]} {[%emt 00:01:19]} hxg4 {[%clk 00:19:22]}
{[%emt 00:00:10]} 30. Be2 {[%clk 00:17:42]} {[%emt 00:03:06]} gxf3 {[%clk
00:18:31]} {[%emt 00:01:21]} 31. gxf3 {[%clk 00:17:26]} {[%emt 00:00:45]} Rg6+
{[%clk 00:18:06]} {[%emt 00:00:55]} 32. Kf1 {[%clk 00:17:30]} {[%emt 00:00:26]}
Rg3 {[%clk 00:16:09]} {[%emt 00:02:27]} 33. Rc3 {[%clk 00:13:10]} {[%emt
00:04:51]} Ng4 {[%clk 00:13:49]} {[%emt 00:02:49]} 34. Rec1 {[%clk 00:09:27]}
{[%emt 00:04:13]} Ne3+ {[%clk 00:13:52]} {[%emt 00:00:27]} 35. Ke1 {[%clk
00:09:34]} {[%emt 00:00:22]} Rg1+ {[%clk 00:14:00]} {[%emt 00:00:23]} 36. Kf2
{[%clk 00:09:55]} {[%emt 00:00:10]} Rg2+ {[%clk 00:14:21]} {[%emt 00:00:07]}
37. Ke1 {[%clk 00:10:06]} {[%emt 00:00:19]} Rbxe2# {[%clk 00:14:07]} {[%emt
00:00:14]} 0-1

[Event "DEM U12 2025"]
[Site "Willingen GER"]
[Date "2025.06.09"]
[Round "3"]
[White "Ziem, Ole"]
[Black "Poladli, Firuz"]
[Result "1-0"]
[Termination "normal"]
[Board "21"]
[WhiteElo "1670"]
[BlackElo "1584"]
[WhiteClock "00:51:02"]
[BlackClock "00:20:53"]
[PlyCount "113"]
[WhiteFideId "34624791"]
[BlackFideId "13471236"]
[EventCountry "GER"]
[EventRounds "9"]
[EventType "swiss"]
[EventDate "2025.06.07"]

1. e4 {[%clk 01:30:57]} {[%emt 00:00:03]} e5 {[%clk 01:30:55]} {[%emt
00:00:05]} 2. Nf3 {[%clk 01:31:05]} {[%emt 00:00:23]} Nc6 {[%clk 01:30:55]}
{[%emt 00:00:30]} 3. Bb5 {[%clk 01:30:56]} {[%emt 00:00:39]} a6 {[%clk
01:30:11]} {[%emt 00:01:13]} 4. Ba4 {[%clk 01:30:58]} {[%emt 00:00:30]} Nf6
{[%clk 01:30:32]} {[%emt 00:00:07]} 5. O-O {[%clk 01:30:54]} {[%emt 00:00:34]}
b5 {[%clk 01:30:27]} {[%emt 00:00:35]} 6. Bb3 {[%clk 01:30:58]} {[%emt
00:00:27]} Be7 {[%clk 01:30:00]} {[%emt 00:00:55]} 7. Re1 {[%clk 01:30:57]}
{[%emt 00:00:32]} d6 {[%clk 01:30:07]} {[%emt 00:00:23]} 8. h3 {[%clk
01:30:41]} {[%emt 00:00:47]} O-O {[%clk 01:30:10]} {[%emt 00:00:26]} 9. c3
{[%clk 01:30:40]} {[%emt 00:00:32]} Nd7 {[%clk 01:29:15]} {[%emt 00:01:25]} 10.
d4 {[%clk 01:30:21]} {[%emt 00:00:49]} Bf6 {[%clk 01:29:28]} {[%emt 00:00:14]}
11. Be3 {[%clk 01:29:42]} {[%emt 00:01:12]} Bb7 {[%clk 01:26:30]} {[%emt
00:03:27]} 12. Nbd2 {[%clk 01:28:49]} {[%emt 00:01:24]} Nb6 {[%clk 01:26:30]}
{[%emt 00:00:26]} 13. Nf1 {[%clk 01:26:19]} {[%emt 00:03:05]} Na5 {[%clk
01:25:26]} {[%emt 00:01:24]} 14. Bc2 {[%clk 01:25:37]} {[%emt 00:01:21]} Nac4
{[%clk 01:24:59]} {[%emt 00:00:56]} 15. b3 {[%clk 01:25:29]} {[%emt 00:00:38]}
Nxe3 {[%clk 01:24:25]} {[%emt 00:01:04]} 16. Nxe3 {[%clk 01:25:35]} {[%emt
00:00:24]} c6 {[%clk 01:24:10]} {[%emt 00:00:45]} 17. Qe2 {[%clk 01:24:59]}
{[%emt 00:01:07]} Qe7 {[%clk 01:19:37]} {[%emt 00:05:01]} 18. Nf5 {[%clk
01:23:03]} {[%emt 00:02:27]} Qc7 {[%clk 01:16:23]} {[%emt 00:03:34]} 19. Rad1
{[%clk 01:21:29]} {[%emt 00:02:14]} g6 {[%clk 01:15:14]} {[%emt 00:01:38]} 20.
Nh6+ {[%clk 01:21:28]} {[%emt 00:00:33]} Kh8 {[%clk 01:15:23]} {[%emt
00:00:20]} 21. Ng4 {[%clk 01:21:53]} {[%emt 00:00:06]} Bg7 {[%clk 01:15:43]}
{[%emt 00:00:09]} 22. Rd2 {[%clk 01:21:14]} {[%emt 00:01:10]} f6 {[%clk
01:13:15]} {[%emt 00:02:56]} 23. Red1 {[%clk 01:19:24]} {[%emt 00:02:22]} d5
{[%clk 01:11:45]} {[%emt 00:01:58]} 24. dxe5 {[%clk 01:05:08]} {[%emt
00:14:48]} fxe5 {[%clk 01:10:58]} {[%emt 00:01:16]} 25. Ng5 {[%clk 01:03:13]}
{[%emt 00:02:24]} Rae8 {[%clk 01:09:19]} {[%emt 00:02:10]} 26. Ne3 {[%clk
01:03:04]} {[%emt 00:00:40]} Bf6 {[%clk 01:02:08]} {[%emt 00:07:39]} 27. Nf3
{[%clk 01:00:49]} {[%emt 00:02:46]} Rd8 {[%clk 00:57:47]} {[%emt 00:04:50]} 28.
a4 {[%clk 00:57:07]} {[%emt 00:04:13]} c5 {[%clk 00:42:43]} {[%emt 00:15:34]}
29. exd5 {[%clk 00:56:28]} {[%emt 00:01:10]} Nxd5 {[%clk 00:42:45]} {[%emt
00:00:28]} 30. Nxd5 {[%clk 00:55:39]} {[%emt 00:01:19]} Bxd5 {[%clk 00:37:40]}
{[%emt 00:05:35]} 31. Rxd5 {[%clk 00:55:14]} {[%emt 00:00:54]} bxa4 {[%clk
00:37:34]} {[%emt 00:00:36]} 32. Rxd8 {[%clk 00:55:18]} Rxd8 {[%clk 00:37:07]}
{[%emt 00:01:23]} 33. Rxd8+ {[%clk 00:55:40]} {[%emt 00:00:08]} Qxd8 {[%clk
00:37:07]} {[%emt 00:00:30]} 34. bxa4 {[%clk 00:55:47]} {[%emt 00:00:23]} a5
{[%clk 00:36:06]} {[%emt 00:01:31]} 35. Qc4 {[%clk 00:53:58]} {[%emt 00:02:19]}
Qb6 {[%clk 00:35:34]} {[%emt 00:00:34]} 36. Bb3 {[%clk 00:54:08]} {[%emt
00:00:49]} Kg7 {[%clk 00:34:08]} {[%emt 00:01:51]} 37. Qf7+ {[%clk 00:54:32]}
{[%emt 00:00:10]} Kh6 {[%clk 00:34:02]} {[%emt 00:00:35]} 38. g4 {[%clk
00:54:50]} {[%emt 00:00:13]} e4 {[%clk 00:30:56]} {[%emt 00:03:35]} 39. g5+
{[%clk 00:54:33]} {[%emt 00:00:49]} Bxg5 {[%clk 00:30:57]} {[%emt 00:00:28]}
40. Nxg5 {[%clk 00:54:43]} {[%emt 00:00:20]} Kxg5 {[%clk 00:30:46]} {[%emt
00:00:42]} 41. Bd1 {[%clk 00:53:12]} {[%emt 00:02:01]} Qd6 {[%clk 00:27:12]}
{[%emt 00:03:53]} 42. Bb3 {[%clk 00:51:32]} {[%emt 00:02:20]} e3 {[%clk
00:25:01]} {[%emt 00:02:41]} 43. Qd5+ {[%clk 00:48:54]} {[%emt 00:03:08]} Qxd5
{[%clk 00:25:00]} {[%emt 00:00:31]} 44. Bxd5 {[%clk 00:49:20]} {[%emt
00:00:04]} exf2+ {[%clk 00:25:21]} {[%emt 00:00:09]} 45. Kxf2 {[%clk 00:49:44]}
{[%emt 00:00:07]} Kf4 {[%clk 00:24:46]} {[%emt 00:01:04]} 46. c4 {[%clk
00:50:04]} {[%emt 00:00:11]} Ke5 {[%clk 00:23:42]} {[%emt 00:01:30]} 47. Ke3
{[%clk 00:50:27]} {[%emt 00:00:11]} g5 {[%clk 00:23:06]} {[%emt 00:01:05]} 48.
Bf3 {[%clk 00:47:50]} {[%emt 00:03:07]} h6 {[%clk 00:23:05]} {[%emt 00:00:30]}
49. Bg4 {[%clk 00:48:13]} {[%emt 00:00:08]} Kf6 {[%clk 00:21:35]} {[%emt
00:02:00]} 50. Ke4 {[%clk 00:48:36]} {[%emt 00:00:07]} Kg6 {[%clk 00:21:44]}
{[%emt 00:00:21]} 51. Kd5 {[%clk 00:48:58]} {[%emt 00:00:08]} h5 {[%clk
00:22:07]} {[%emt 00:00:07]} 52. Bd7 {[%clk 00:49:24]} {[%emt 00:00:04]} Kf6
{[%clk 00:22:04]} {[%emt 00:00:33]} 53. Kxc5 {[%clk 00:49:47]} {[%emt
00:00:08]} Ke5 {[%clk 00:22:09]} {[%emt 00:00:23]} 54. Kb5 {[%clk 00:50:09]}
{[%emt 00:00:09]} Kd4 {[%clk 00:21:02]} {[%emt 00:01:37]} 55. c5 {[%clk
00:50:31]} {[%emt 00:00:08]} Kd5 {[%clk 00:21:29]} {[%emt 00:00:03]} 56. c6
{[%clk 00:50:49]} {[%emt 00:00:13]} Kd6 {[%clk 00:20:53]} {[%emt 00:01:06]} 57.
Kb6 {[%clk 00:51:02]} {[%emt 00:00:15]} 1-0

[Event "DEM U12 2025"]
[Site "Willingen GER"]
[Date "2025.06.09"]
[Round "3"]
[White "Shalovylo, Matvii"]
[Black "Prashanthakumar, Arnesh"]
[Result "1/2-1/2"]
[Termination "normal"]
[Board "22"]
[WhiteElo "1788"]
[BlackElo "1564"]
[WhiteClock "00:22:19"]
[BlackClock "00:27:45"]
[PlyCount "52"]
[WhiteFideId "41846516"]
[BlackFideId "34604073"]
[EventCountry "GER"]
[EventRounds "9"]
[EventType "swiss"]
[EventDate "2025.06.07"]

1. d4 {[%clk 01:31:00]} d5 {[%clk 01:30:55]} {[%emt 00:00:05]} 2. c4 {[%clk
01:31:20]} {[%emt 00:00:10]} e6 {[%clk 01:31:15]} {[%emt 00:00:10]} 3. Nf3
{[%clk 01:31:44]} {[%emt 00:00:05]} Nf6 {[%clk 01:31:37]} {[%emt 00:00:08]} 4.
g3 {[%clk 01:32:09]} {[%emt 00:00:06]} Bb4+ {[%clk 01:31:53]} {[%emt 00:00:14]}
5. Bd2 {[%clk 01:32:31]} {[%emt 00:00:08]} Bd6 {[%clk 01:32:16]} {[%emt
00:00:07]} 6. Bg2 {[%clk 01:31:47]} {[%emt 00:01:14]} O-O {[%clk 01:31:59]}
{[%emt 00:00:46]} 7. Qc2 {[%clk 01:29:26]} {[%emt 00:02:51]} Ne4 {[%clk
01:30:56]} {[%emt 00:01:34]} 8. O-O {[%clk 01:29:28]} {[%emt 00:00:27]} f5
{[%clk 01:29:58]} {[%emt 00:01:30]} 9. a3 {[%clk 01:26:57]} {[%emt 00:03:00]}
a5 {[%clk 01:27:21]} {[%emt 00:03:06]} 10. c5 {[%clk 01:23:48]} {[%emt
00:03:39]} Be7 {[%clk 01:24:49]} {[%emt 00:03:02]} 11. Nc3 {[%clk 01:22:52]}
{[%emt 00:01:26]} Nxd2 {[%clk 01:21:25]} {[%emt 00:03:53]} 12. Qxd2 {[%clk
01:22:50]} {[%emt 00:00:31]} b6 {[%clk 01:20:33]} {[%emt 00:01:22]} 13. b4
{[%clk 01:19:25]} {[%emt 00:03:55]} c6 {[%clk 01:16:53]} {[%emt 00:04:10]} 14.
Ne5 {[%clk 01:13:26]} {[%emt 00:06:29]} b5 {[%clk 01:14:08]} {[%emt 00:03:15]}
15. f4 {[%clk 01:09:17]} {[%emt 00:04:38]} a4 {[%clk 01:08:24]} {[%emt
00:06:15]} 16. Nd1 {[%emt 00:06:22]} Qc7 {[%clk 01:02:34]} {[%emt 00:06:17]}
17. Nb2 {[%clk 01:00:01]} {[%emt 00:03:58]} Nd7 {[%clk 00:58:19]} {[%emt
00:04:45]} 18. Nbd3 {[%clk 00:55:48]} {[%emt 00:04:42]} Nxe5 {[%clk 00:57:08]}
{[%emt 00:01:42]} 19. Nxe5 {[%clk 00:55:41]} {[%emt 00:00:35]} Bf6 {[%clk
00:55:49]} {[%emt 00:01:50]} 20. Rf2 {[%clk 00:54:01]} {[%emt 00:02:10]} Bd7
{[%clk 00:46:26]} {[%emt 00:09:53]} 21. Kh1 {[%clk 00:45:50]} {[%emt 00:08:40]}
Be8 {[%clk 00:44:24]} {[%emt 00:02:33]} 22. Bf3 {[%clk 00:42:05]} {[%emt
00:04:14]} Bxe5 {[%clk 00:40:54]} {[%emt 00:04:01]} 23. fxe5 {[%clk 00:42:19]}
{[%emt 00:00:15]} Bg6 {[%clk 00:40:02]} {[%emt 00:01:23]} 24. Rg1 {[%clk
00:36:45]} {[%emt 00:06:02]} Rf7 {[%clk 00:32:40]} {[%emt 00:07:53]} 25. e3
{[%clk 00:28:26]} {[%emt 00:08:49]} Rff8 {[%clk 00:31:14]} {[%emt 00:01:56]}
26. Rfg2 {[%clk 00:22:19]} {[%emt 00:06:38]} Qe7 {[%clk 00:27:45]} {[%emt
00:04:00]} 1/2-1/2